| 000 | 00625nam a2200229Ia 4500 | ||
|---|---|---|---|
| 003 | OSt | ||
| 005 | 20220928104615.0 | ||
| 006 | a|||||r|||| 00| 0 | ||
| 007 | ta | ||
| 008 | 220927b |||||||| |||| 00| 0 eng d | ||
| 024 | _a55509 | ||
| 037 | _cTextual | ||
| 040 |
_aSDCL _cSDCL _beng |
||
| 041 |
_2eng _aeng |
||
| 082 | _aO152,3N3x, N0 | ||
| 100 |
_aPaliwal Narayan Dutt _9411293 |
||
| 245 | 0 |
_aIndraprastha Bharti _b Kahani sankalan. |
|
| 260 |
_aDelhi _bHindi Academy _c1990 |
||
| 300 |
_a294p _ccm. |
||
| 942 |
_hO152,3N3x, N0 _cTEXL _2CC |
||
| 999 |
_c726949 _d726949 |
||